Management : (Record no. 2193)

000 -LEADER
fixed length control field 00712pam a2200253 a 4500
001 - CONTROL NUMBER
control field 2422914
003 - CONTROL NUMBER IDENTIFIER
control field OSt
005 - DATE AND TIME OF LATEST TRANSACTION
control field 20160628172917.0
008 - FIXED-LENGTH DATA ELEMENTS--GENERAL INFORMATION
fixed length control field 870911s1988 njua b 001 0 eng
010 ## - LIBRARY OF CONGRESS CONTROL NUMBER
LC control number 87027241
020 ## - INTERNATIONAL STANDARD BOOK NUMBER
International Standard Book Number 0724810730
040 ## - CATALOGING SOURCE
Original cataloging agency DLC
Transcribing agency DLC
Modifying agency DLC
050 00 - LIBRARY OF CONGRESS CALL NUMBER
Classification number HD31.R5647 2000
082 00 - DEWEY DECIMAL CLASSIFICATION NUMBER
Classification number 658
Edition number 19
100 1# - MAIN ENTRY--PERSONAL NAME
Personal name Robbins, Stephen P.,
Dates associated with a name 1943-
245 10 - TITLE STATEMENT
Title Management :
Statement of responsibility, etc Stephen P. Robbins (et al.)
250 ## - EDITION STATEMENT
Edition statement 2nd ed.
260 ## - PUBLICATION, DISTRIBUTION, ETC. (IMPRINT)
Place of publication, distribution, etc Australia :
Name of publisher, distributor, etc Prentice-Hall,
Date of publication, distribution, etc c2000.
300 ## - PHYSICAL DESCRIPTION
Extent xxvi, 892 p. :
Other physical details ill. (some col.) ;
Dimensions 26 cm.
504 ## - BIBLIOGRAPHY, ETC. NOTE
Bibliography, etc Includes bibliographies and indexes.
650 #0 - SUBJECT ADDED ENTRY--TOPICAL TERM
Topical term or geographic name as entry element Management.
906 ## - LOCAL DATA ELEMENT F, LDF (RLIN)
a 7
b cbc
c orignew
d 1
e ocip
f 19
g y-gencatlg
942 ## - ADDED ENTRY ELEMENTS (KOHA)
Source of classification or shelving scheme
Koha item type Book
Holdings
Withdrawn status Lost status Source of classification or shelving scheme Damaged status Not for loan Home library Current library Shelving location Date acquired Total Checkouts Full call number Barcode Date last seen Copy number Price effective from Koha item type
          Riara University Library Riara University Library General stack 28/06/2016   HD31.R5647 2000 6904/16 28/06/2016 C.1 28/06/2016 Book
          Riara University Library Riara University Library General stack 02/08/2016   HD31.R5647 2000 7679/16 02/08/2016 C.2 02/08/2016 Book

Riara University Library,
P.O. Box 49940-00100,
Nairobi, Kenya.